<?xml version="1.0" encoding="UTF-8"?>
<collection xmlns="http://www.loc.gov/MARC21/slim">
    <record>
        <controlfield tag="001">9127</controlfield>
        <controlfield tag="005">20170831220418.0</controlfield>
        <datafield tag="037" ind1=" " ind2=" ">
            <subfield code="a">TAZ-TFM-2012-837</subfield>
        </datafield>
        <datafield tag="041" ind1=" " ind2=" ">
            <subfield code="a">spa</subfield>
        </datafield>
        <datafield tag="100" ind1="1" ind2=" ">
            <subfield code="a">Nicolás Chueca, Marina</subfield>
        </datafield>
        <datafield tag="245" ind1="0" ind2="0">
            <subfield code="a">Comparación numérico-experimental de la fluido-dinámica de un filtro antitrombo</subfield>
        </datafield>
        <datafield tag="260" ind1=" " ind2=" ">
            <subfield code="a">Zaragoza</subfield>
            <subfield code="b">Universidad de Zaragoza</subfield>
            <subfield code="c">2012</subfield>
        </datafield>
        <datafield tag="506" ind1=" " ind2=" ">
            <subfield code="a">by-nc-sa</subfield>
            <subfield code="b">Creative Commons</subfield>
            <subfield code="c">3.0</subfield>
            <subfield code="u">http://creativecommons.org/licenses/by-nc-sa/3.0/</subfield>
        </datafield>
        <datafield tag="520" ind1=" " ind2=" ">
            <subfield code="a">Este trabajo fin de máster lleva a cabo el análisis de la funcionalidad de un filtro antitrombo. El trabajo se centra, primero, en la creación de una serie de modelos numéricos usando herramientas numéricas y después en la comparación de los resultados obtenidos con unos modelos experimentales creados en el laboratorio usando la técnica de velocimetría láser (PIV).  Los filtros antitrombo son los encargados de capturar coágulos en pacientes con trombosis venosa profunda. Esta enfermedad consiste en la migración de un trombo hasta el pulmón y es potencialmente mortal, siendo una de las primeras causas de muerte en el mundo desarrollado. La terapia más habitual es la administración de fibrinolíticos pero en determinadas circunstancias el uso de filtros es necesario ya que los tratamientos con fibrinolíticos se encuentran contraindicados.  Para estudiar la funcionalidad del filtro antitrombo se han llevado a cabo tres modelos numéricos distintos. Cada modelo numérico ha sido comparado con un modelo experimental creado en el laboratorio ya que para poder determinar la validez del modelo creado mediante herramientas numéricas es necesario llevar a cabo una validación experimental del código comercial usado. El modelo experimental está compuesto por un tubo de silicona que simula una vena totalmente idealizada y el filtro antitrombo Gunther-Tulip estándar de cuatro patas. La comparación numérico-experimental ha sido realizada de forma cuantitativa comparando perfiles de velocidades de los dos modelos y también cualitativa comparando patrones de flujo en zonas cercanas y lejanas del filtro. Los tres modelos numéricos creados han sido los siguientes: una vena cava idealizada, modelada como un cilindro perfecto, un segundo modelo de vena con el filtro Günther Tulip de 4 patas insertado en su interior, y finalmente un tercer modelo que además incluye un trombo modelado como una esfera perfecta. Para la realización de los tres modelos se han seguido los mismos pasos. En primer lugar se ha modelado la geometría en 3D, sucesivamente la geometría ha sido exportada al programa ANSYS ICEM que permite crear mallas mediante el método de elementos finitos y finalmente la malla ha sido exportada al programa ANSYS CFX para procedecer al cálculo del modelo mediante el método de volúmenes finitos. Una vez los cálculos han finalizado se ha pasado a la  fase de posproceso donde se ha llevado a cabo un estudio fluido-dinámico del modelo y finalmente se ha realizado una comparación entre los resultados numéricos y los experimentales.</subfield>
        </datafield>
        <datafield tag="521" ind1=" " ind2=" ">
            <subfield code="a">Máster Universitario en Mecánica Aplicada</subfield>
        </datafield>
        <datafield tag="540" ind1=" " ind2=" ">
            <subfield code="a">Derechos regulados por licencia Creative Commons</subfield>
        </datafield>
        <datafield tag="653" ind1="1" ind2=" ">
            <subfield code="a">filtro antitrombo</subfield>
        </datafield>
        <datafield tag="653" ind1="1" ind2=" ">
            <subfield code="a">fluido-dinámica</subfield>
        </datafield>
        <datafield tag="653" ind1="1" ind2=" ">
            <subfield code="a">cfx</subfield>
        </datafield>
        <datafield tag="653" ind1="1" ind2=" ">
            <subfield code="a">ansys</subfield>
        </datafield>
        <datafield tag="653" ind1="1" ind2=" ">
            <subfield code="a">elementos finitos</subfield>
        </datafield>
        <datafield tag="653" ind1="1" ind2=" ">
            <subfield code="a">velocimetrría láser</subfield>
        </datafield>
        <datafield tag="653" ind1="1" ind2=" ">
            <subfield code="a">piv</subfield>
        </datafield>
        <datafield tag="653" ind1="1" ind2=" ">
            <subfield code="a">trombosis venosa profunda</subfield>
        </datafield>
        <datafield tag="653" ind1="1" ind2=" ">
            <subfield code="a">comparación numérico-experimental</subfield>
        </datafield>
        <datafield tag="653" ind1="1" ind2=" ">
            <subfield code="a">vena cava</subfield>
        </datafield>
        <datafield tag="700" ind1=" " ind2=" ">
            <subfield code="a">Malvè, Mauro</subfield>
            <subfield code="e">dir.</subfield>
        </datafield>
        <datafield tag="710" ind1="2" ind2=" ">
            <subfield code="a">Universidad de Zaragoza</subfield>
            <subfield code="b">Ingeniería Mecánica</subfield>
            <subfield code="c">Mec. de Medios Contínuos y Teor. de Estructuras</subfield>
        </datafield>
        <datafield tag="720" ind1="2" ind2=" ">
            <subfield code="a">Peña Baquedano, Estefanía</subfield>
            <subfield code="e">ponente</subfield>
        </datafield>
        <datafield tag="856" ind1="0" ind2=" ">
            <subfield code="f">576712@celes.unizar.es</subfield>
        </datafield>
        <datafield tag="856" ind1="4" ind2=" ">
            <subfield code="s">2184928</subfield>
            <subfield code="u">http://zaguan.unizar.es/record/9127/files/TAZ-TFM-2012-837.pdf</subfield>
            <subfield code="y">Memoria (spa)</subfield>
        </datafield>
        <datafield tag="856" ind1="4" ind2=" ">
            <subfield code="s">909869</subfield>
            <subfield code="u">http://zaguan.unizar.es/record/9127/files/TAZ-TFM-2012-837_ANE.pdf</subfield>
            <subfield code="y">Anexos (spa)</subfield>
        </datafield>
        <datafield tag="909" ind1="C" ind2="O">
            <subfield code="o">oai:zaguan.unizar.es:9127</subfield>
            <subfield code="p">driver</subfield>
            <subfield code="p">trabajos-fin-master</subfield>
        </datafield>
        <datafield tag="950" ind1=" " ind2=" ">
            <subfield code="a"></subfield>
        </datafield>
        <datafield tag="980" ind1=" " ind2=" ">
            <subfield code="a">TAZ</subfield>
            <subfield code="b">TFM</subfield>
            <subfield code="c">EINA</subfield>
        </datafield>
    </record>

    
</collection>